[Event "Exchange Ruy Lopez"]
[Site "SchemingMind.com"]
[Date "2013.07.15"]
[Round "-"]
[White "fouche"]
[Black "MazetaFighter"]
[Result "0-1"]
[WhiteCountry "COL"]
[BlackCountry "GRE"]
[WhiteElo "1587"]
[WhiteRD "63"]
[BlackElo "1966"]
[BlackRD "71"]
[GameID "334685"]

1. d4 d5 2. c4 c6 3. Nc3 Nf6 4. Nf3 Bf5 5. Bg5 e6 6. e3 Nbd7 7. Bd3 Bxd3 8. Qxd3 Be7 9. O-O O-O 10. Rad1 dxc4
11. Qxc4 Nb6 12. Qe2 Nfd5 13. Bxe7 Qxe7 14. Ne5 Nxc3 15. bxc3 Nd5 16. Qc2 f6 17. Nf3 Qa3 18. c4 Nb4 19. Qb1 a5 20. Rd2 Rfd8
21. Qb3 Qxb3 22. axb3 b5 23. Rb1 Kf7 24. Kf1 Ke7 25. Ke2 bxc4 26. bxc4 Rdb8 27. Ne1 a4 28. Nc2 Nxc2 29. Rxb8 Nxd4+ 30. exd4 Rxb8
31. Ra2 Ra8 32. Ra3 Kd6 33. Kd3 c5 34. h4 cxd4 35. Kxd4 e5+ 36. Kc3 Kc5 37. f3 h5 38. g4 hxg4 39. fxg4 e4 40. h5 e3
41. Ra1 a3 42. Kb3 a2
0-1

[Event "Exchange Ruy Lopez"]
[Site "SchemingMind.com"]
[Date "2013.07.16"]
[Round "-"]
[White "PunditX"]
[Black "Scooter"]
[Result "1-0"]
[WhiteCountry "PHI"]
[BlackCountry "USA"]
[WhiteElo "2422"]
[WhiteRD "75"]
[BlackElo "1756"]
[BlackRD "49"]
[GameID "334853"]

1. e4 c6 2. d4 d5 3. e5 Bf5 4. h4 h6 5. g4 Bh7 6. e6 f6 7. Bf4 g5 8. hxg5 fxg5 9. Be5 Nf6 10. Bd3 Bg7
11. Bxh7 Rxh7 12. Qd3 Ne4 13. Nc3 Qa5 14. Bxg7 Rxg7 15. Rxh6 Nf6 16. Rh8+
1-0

[Event "Exchange Ruy Lopez"]
[Site "SchemingMind.com"]
[Date "2013.07.16"]
[Round "-"]
[White "Scooter"]
[Black "PunditX"]
[Result "0-1"]
[WhiteCountry "USA"]
[BlackCountry "PHI"]
[WhiteElo "1756"]
[WhiteRD "49"]
[BlackElo "2422"]
[BlackRD "75"]
[GameID "334863"]

1. d4 Nf6 2. Bf4 d5 3. Nf3 Bf5 4. e3 e6 5. Bd3 Bd6 6. Bxd6 Qxd6 7. Bxf5 exf5 8. O-O O-O 9. c3 Nbd7 10. Qc2 g6
11. Nbd2 Rac8 12. Rfe1 Rfd8 13. c4 c5 14. b3 Ne4 15. Nxe4 fxe4 16. Nd2 f5 17. Qb2 cxd4 18. Qxd4 Nc5 19. cxd5 Qxd5 20. Qxd5+ Rxd5
21. Nc4 b5 22. Nb2 Rd2 23. Rab1 Ne6 24. Red1 Re2 25. Re1 Rxe1+ 26. Rxe1 Rc2 27. Rb1 b4 28. g3 Nc5 29. Kf1 Kf7 30. h4 Ke7
31. Ke1 Rxb2
0-1

[Event "Exchange Ruy Lopez"]
[Site "SchemingMind.com"]
[Date "2013.08.19"]
[Round "-"]
[White "kenneth m day"]
[Black "Phillip Beckett"]
[Result "1-0"]
[WhiteCountry "USA"]
[BlackCountry "ENG"]
[WhiteElo "1771"]
[WhiteRD "54"]
[BlackElo "1553"]
[BlackRD "51"]
[GameID "336814"]

1. e4 e5 2. Nf3 Nc6 3. d4 exd4 4. c3 dxc3 5. Nxc3 d6 6. Bc4 Nf6 7. O-O Be7 8. Re1 O-O 9. Bg5 h6 10. Bf4 Nh7
11. Nd5 Nf6 12. Rc1 Nxd5 13. Bxd5 Bd7 14. Qd2 Bf6 15. Rcd1 Bg4 16. Qe2 Bxf3 17. Qxf3 Bg5 18. Bg3 Qf6 19. Qb3 Rab8 20. Rd3 Qe7
21. f4 Bh4 22. Qd1 Bxg3 23. Rxg3 Nb4 24. Bb3 Rbd8 25. Qh5 Kh8 26. Ree3 Nc6 27. Qg4 f5 28. exf5 Qf6 29. Re6 Qxb2 30. h3 Rde8
31. f6 Rxf6 32. Qxg7#
1-0

[Event "Exchange Ruy Lopez"]
[Site "SchemingMind.com"]
[Date "2013.08.19"]
[Round "-"]
[White "Phillip Beckett"]
[Black "kenneth m day"]
[Result "0-1"]
[WhiteCountry "ENG"]
[BlackCountry "USA"]
[WhiteElo "1553"]
[WhiteRD "51"]
[BlackElo "1771"]
[BlackRD "54"]
[GameID "336816"]

1. d4 Nf6 2. e3 g6 3. Bd3 Bg7 4. f4 O-O 5. Nf3 d6 6. O-O Bg4 7. Nbd2 Nbd7 8. Qe1 c5 9. c3 Rc8 10. h3 Bxf3
11. gxf3 d5 12. Qg3 e6 13. e4 Nh5 14. Qh2 cxd4 15. cxd4 Bxd4+ 16. Kh1 Qh4 17. Rg1 Bxg1 18. Qxg1 Qxf4 19. Qf2 Ne5 20. Bb1 Rxc1+
21. Nf1 Ng3+
0-1

[Event "Exchange Ruy Lopez"]
[Site "SchemingMind.com"]
[Date "2013.09.18"]
[Round "-"]
[White "Jari Laine"]
[Black "Till Plewe"]
[Result "0-1"]
[WhiteCountry "FIN"]
[BlackCountry "JPN"]
[WhiteElo "2359"]
[WhiteRD "71"]
[BlackElo "2400"]
[BlackRD "70"]
[GameID "338483"]

1. d4 e6 2. e4 d5 3. e5 c5 4. c3 Nc6 5. Nf3 Nh6 6. Bd3 cxd4 7. Bxh6 gxh6 8. cxd4 Qb6 9. Qd2 Bd7 10. Be2 Nxd4
11. Nxd4 Bc5 12. Nc2 Bxf2+ 13. Kf1 Rc8 14. Nba3 Bc5 15. Rb1 Rf8 16. b4 Be7 17. g3 Bg5 18. Qe1 f6 19. exf6 d4 20. b5 Qd6
21. Kg2 Rc3 22. Rf1 Rxf6 23. Bf3 Qc5 24. Qe4 d3 25. Nb4 Rxa3 26. Qxb7 Qxb5 27. Qa8+ Kf7 28. Qh8 Ke7 29. Nd5+ exd5
0-1

[Event "Exchange Ruy Lopez"]
[Site "SchemingMind.com"]
[Date "2013.09.18"]
[Round "-"]
[White "Till Plewe"]
[Black "Jari Laine"]
[Result "1-0"]
[WhiteCountry "JPN"]
[BlackCountry "FIN"]
[WhiteElo "2400"]
[WhiteRD "70"]
[BlackElo "2359"]
[BlackRD "71"]
[GameID "338486"]

1. d4 Nf6 2. Bg5 d5 3. Bxf6 exf6 4. e3 Bd6 5. g3 c6 6. Bg2 O-O 7. Ne2 f5 8. O-O Nd7 9. b3 Nf6 10. c4 Be6
11. Qd3 a6 12. c5 Bc7 13. b4 Ne4 14. a4 h5 15. h4 Re8 16. Nd2 Bd7 17. Rfb1 Qf6 18. Nf4 Qh6 19. Bf3 g6 20. Be2 Qf8
21. Nf3 Kg7 22. Qc2 Qe7 23. Bf1 f6 24. Qc1 g5 25. Ng2 Rg8 26. b5 axb5 27. axb5 Rxa1 28. Rxa1 cxb5 29. Ra7 Bc6 30. Bd3
1-0

[Event "Exchange Ruy Lopez"]
[Site "SchemingMind.com"]
[Date "2013.12.07"]
[Round "-"]
[White "Till Plewe"]
[Black "kenneth m day"]
[Result "1-0"]
[WhiteCountry "JPN"]
[BlackCountry "USA"]
[WhiteElo "2406"]
[WhiteRD "73"]
[BlackElo "1764"]
[BlackRD "48"]
[GameID "343361"]

1. e4 e5 2. f4 exf4 3. Nf3 g5 4. h4 g4 5. Ne5 d6 6. Nxg4 Be7 7. d4 Bxh4+ 8. Nf2 Qg5 9. Qf3 Bg4 10. Qxf4 Bxf2+
11. Kxf2 Qxf4+ 12. Bxf4 Nf6 13. Nc3 Nbd7 14. e5 dxe5 15. dxe5 Nh5 16. Bh6 O-O-O 17. Be2 Bxe2 18. Nxe2 Nxe5 19. Rxh5 Ng4+ 20. Kf3 Nxh6
21. Rxh6 Rd2 22. Rc1 Re8 23. Nf4 Ree2 24. Nxe2
1-0

[Event "Exchange Ruy Lopez"]
[Site "SchemingMind.com"]
[Date "2013.12.07"]
[Round "-"]
[White "kenneth m day"]
[Black "Till Plewe"]
[Result "0-1"]
[WhiteCountry "USA"]
[BlackCountry "JPN"]
[WhiteElo "1764"]
[WhiteRD "48"]
[BlackElo "2406"]
[BlackRD "73"]
[GameID "343365"]

1. e4 e5 2. f4 exf4 3. Nf3 d5 4. exd5 Nf6 5. c4 c6 6. d4 Bb4+ 7. Bd2 Bxd2+ 8. Nbxd2 cxd5 9. cxd5 O-O 10. Be2 Nxd5
11. Qb3 Re8 12. Kf2 Nc6 13. Bc4 Na5 14. Qa4 Bd7 15. Bb5 Re2+ 16. Kxe2 Qe8+ 17. Ne5 Bxb5+
0-1

[Event "Exchange Ruy Lopez"]
[Site "SchemingMind.com"]
[Date "2014.01.05"]
[Round "-"]
[White "Till Plewe"]
[Black "PunditX"]
[Result "1/2-1/2"]
[WhiteCountry "JPN"]
[BlackCountry "PHI"]
[WhiteElo "2358"]
[WhiteRD "69"]
[BlackElo "2573"]
[BlackRD "76"]
[GameID "344976"]

1. e4 c5 2. Nf3 d6 3. d4 cxd4 4. Nxd4 Nf6 5. Nc3 a6 6. Bg5 e6 7. f4 Qb6 8. Qd2 Qxb2 9. Rb1 Qa3 10. e5 h6
11. Bh4 dxe5 12. fxe5 g5 13. exf6 gxh4 14. Be2 Qa5 15. O-O Nd7 16. Kh1 Qg5 17. Rf4 e5 18. Nd5 exd4 19. Qxd4 Kd8 20. Ne7 Qe5
21. Qd2 Bxe7 22. fxe7+ Qxe7 23. Bg4 f5 24. Rxf5 Re8 25. Rd5 b6 26. h3 Kc7 27. Qd4 Rb8 28. Bxd7 Bxd7 29. Qf4+ Kc6 30. Qc4+ Kb7
31. Qd4 Kc8 32. Qc4+ Kb7 33. Qd4=
1/2-1/2

[Event "Exchange Ruy Lopez"]
[Site "SchemingMind.com"]
[Date "2014.01.05"]
[Round "-"]
[White "PunditX"]
[Black "Till Plewe"]
[Result "1/2-1/2"]
[WhiteCountry "PHI"]
[BlackCountry "JPN"]
[WhiteElo "2548"]
[WhiteRD "85"]
[BlackElo "2344"]
[BlackRD "72"]
[GameID "344979"]

1. e4 e6 2. d4 d5 3. Nc3 Bb4 4. a3 Bxc3+ 5. bxc3 dxe4 6. Qg4 Nf6 7. Qxg7 Rg8 8. Qh6 Rg6 9. Qd2 b6 10. Nh3 Nc6
11. Nf4 Rg8 12. Bb2 Bb7 13. c4 Qd6 14. d5 exd5 15. cxd5 O-O-O 16. c4 Na5 17. Bxf6 Qxf6 18. Rb1 Nc6 19. g3 Ne5 20. Be2 Ba6
21. Qc2 Nf3+ 22. Kf1 Nd4 23. Qb2 Qe5 24. Rd1 c5 25. dxc6 Nxc6 26. Qxe5 Nxe5 27. Kg2 Bxc4 28. Bxc4 Nxc4 29. Rc1 b5 30. a4 a6
31. Ne2 Kb7 32. Nc3 Kc6 33. Rb1 Rg5 34. Nxe4 Re5 35. Nc3 Rd4 36. axb5+ axb5 37. h4 Nd2 38. Rb2 Nc4 39. Rbb1 Rc5 40. Rhe1 Nd2
41. Ne2 Re4 42. Rb2 Nc4 43. Ra2 Rce5 44. Kf1 b4 45. Rb1 Ra5 46. Rc2 Rc5 47. Ra2 Ra5 48. Rc2 Kd6 49. Nf4 Ra3 50. Kg2 Kc5
51. h5 h6 52. Rbc1 b3 53. Nd3+ Kd5 54. Rc3 b2 55. Nxb2 Rxc3 56. Rxc3 Nxb2 57. Rc7 Ke6 58. Rc6+ Kf5 59. Rxh6 Kg5 60. Rb6 Nc4
61. Rb5+ Kh6 62. Rf5 Kg7 63. Rg5+ Kh7 64. Rd5 Kh6= 65. Rf5 Kg7 66. Rg5+ Kh7 67. Rd5 Kh6 68. Rf5 Kg7
1/2-1/2